Szent Ágoston vallomásai.
Elmentve itt :
| Szerző: | |
|---|---|
| Adatforrás: | Philobibl |
| Dokumentumtípus: | Könyv |
| Nyelv: | magyar |
| Megjelent: |
Esztergom.
Testvéri Szolgálat Alapítvány.
2002
|
| LEADER | 00333nam a2200109 c 4500 | ||
|---|---|---|---|
| 001 | bibDOK00027627 | ||
| 005 | 20200924122233.7 | ||
| 008 | 060518s2002 xx hun | ||
| 100 | 1 | |a Augustinus, Aurelius | |
| 245 | 1 | 0 | |a Szent Ágoston vallomásai. |c Augustinus, Aurelius |
| 260 | |a Esztergom. |b Testvéri Szolgálat Alapítvány. |c 2002 | ||
| 300 | |a 379 p. p. | ||